Ekonomika a manažment sociálnych inovácií vo vybranom podniku diplomová práca

Uložené v:
Podrobná bibliografia
Hlavný autor: Mesiariková, Zuzana
Korporativný autor: Fakulta podnikového manažmentu EU. Katedra podnikovohospodárska
Ďalší autori: Dubcová, Gabriela, 1968-
Médium: Kniha
Jazyk:Slovak
Vydavateľské údaje: Bratislava 2018
Tagy: Pridať tag
Žiadne tagy, Buďte prvý, kto otaguje tento záznam!

MARC

LEADER 00000nbm a2200000 4500
001 0244963
005 20181004111858.1
041 0 |a slo 
044 |a SK 
245 1 0 |a Ekonomika a manažment sociálnych inovácií vo vybranom podniku  |b diplomová práca  |c Zuzana Mesiariková ; školiteľ: Gabriela Dubcová 
264 1 |a Bratislava  |c 2018 
300 |a 97 s. 
100 1 |a Mesiariková, Zuzana 
700 1 |a Dubcová, Gabriela, 1968- 
710 2 |a Fakulta podnikového manažmentu EU. Katedra podnikovohospodárska